| 000 | 00885nam a22002175a 4500 | ||
|---|---|---|---|
| 003 | OSt | ||
| 005 | 20170522153419.0 | ||
| 008 | 161215s2013 ua frb 000 0 ara d | ||
| 015 | _a2015 / 19809 | ||
| 020 | _a9789773793287 | ||
| 040 |
_aEG-ScBUE _bara _cEG-ScBUE _dEG-ScBUE |
||
| 082 | 0 | 4 |
_a345.0268 _bب و ت _222 |
| 100 | 1 | _aبوتاني، دلخاز صلاح. | |
| 245 | 1 | 2 |
_aالحماية الجنائية الموضوعية للمعلوماتية : _bدراسة مقارنة / _cإعداد دلخاز صلاح بوتاني. |
| 260 |
_aالأسكندرية، مصر : _bدار الفكر الجامعي، _c2016. |
||
| 300 |
_a357 ص. ؛ _c24 سم. |
||
| 504 | _aيشتمل على إرجاعات ببليوجرافية. | ||
| 650 | 7 |
_aجرائم الحاسبات الإلكترونية _xقوانين وتشريعات. _2BUEsh _941164 |
|
| 653 |
_bLLAAWW _cMay2017 |
||
| 942 | _2ddc | ||
| 999 |
_c24862 _d24834 |
||